| 000 | 00000nam##2200000za#4500 |
| 001 | 9.687578 |
| 003 | CaOODSP |
| 005 | 20210624231034 |
| 007 | cr ||||||||||| |
| 008 | 150407|2004||||xxc|||||o f|0| 0 eng|d |
| 020 | |a0-662-40705-9 |
| 040 | |aCaOODSP|beng |
| 043 | |an-cn--- |
| 086 | 1 |aSD34-7/2005E-PDF |
| 110 | 1 |aCanada. |bSocial Development Canada. |
| 245 | 10|aComprehensive audit of HRDC's (SDC & HRSDC) information technology security : |h[electronic resource]|bfinal report / |c[by] Audit and Evaluation Directorate, Policy and Strategic Direction. |
| 260 | |aOttawa - Ontario : |bSocial Development Canada |cOctober 2004. |
| 300 | |a57p.|btables |
| 590 | |a13-16-Supp|b2013-07-12 |
| 775 | 08|tVérification intégrée de la Sécurité de la technologie de l'information à DRHC (DSC et RHDCC) : |w(CaOODSP)9.632023 |
| 856 | 40|ahttp://publications.gc.ca|qPDF|s179 KB|uhttps://publications.gc.ca/collections/collection_2013/rhdcc-hrsdc/SD34-7-2005-eng.pdf |
| 986 | |aSDC-A-003-10-04E |